|
|
|
|
| LEADER |
00825nam a2200205Ia 4500 |
| 001 |
CTU_92104 |
| 008 |
210402s9999 xx 000 0 und d |
| 082 |
|
|
|a 338.959
|
| 082 |
|
|
|b S989
|
| 245 |
|
0 |
|a ASEAN cooperation in industrial projects :
|
| 245 |
|
0 |
|b papers and proceedings of a symposium, 11-12 April 1977, Kuala Lumpur
|
| 245 |
|
0 |
|c organized by the Malaysian Economic Association, Kuala Lumpur, and the Institute of Southeast Asian Studies, Singapore ; edited by Mohamed Ariff, Fong Chan Onn, R. Thillainathan
|
| 260 |
|
|
|a Kuala Lumpur
|
| 260 |
|
|
|b The Association
|
| 260 |
|
|
|c 1977
|
| 650 |
|
|
|a Industrial promotion,Industrial policy
|
| 650 |
|
|
|x Congresses,Congresses
|
| 650 |
|
|
|z Southeast Asia,Asia, southeastern
|
| 904 |
|
|
|i Bằng, H.Mai
|
| 980 |
|
|
|a Trung tâm Học liệu Trường Đại học Cần Thơ
|